000 01037nam a2200265 a 4500
001 BRL_1412
005 20190320211206.0
008 130114s1976----u--ad####b---#100-0#eng-#
041 _aeng
044 _au
050 4 _aTS1306.A1
_b.I74 1976
111 2 _aIrene Emery Roundtable on Museum Textiles
_cWashington, D.C.
_e1975
_926816
245 1 0 _aImported and domestic textiles in 18th-century America
_b1975 proceedings
_cIrene Emery Roundtable on Museum Textiles ; edited by Patricia L. Fiske.
260 _aWashington, D.C.
_bThe Textile Museum
_c1975
300 _aii, 195 p.
_bil., gráficas
_c28 cm.
500 _aAu1670
650 1 4 _aTelas
_vCongresos
_xColeccionistas y colecciones
_ySiglo XVIII
_zAmérica
_926817
650 1 4 _aTelas
_vCongresos
_xComercio exterior
_ySiglo XVIII
_zAmérica
_926818
650 1 4 _aTextiles
_vCongresos
_ySiglo XVIII
_zAmérica
_926819
700 1 _aEmery, Irene
_926645
700 1 _aFiske, Patricia L.
_926820
710 2 _aTextile Museum (Washington, D.C.)
_926437
902 _aGRL
942 _2lcc
_cB
999 _c10222
_d10222